Guess the indie music artist by their popular songs - Statistics

General Stats
  • This quiz has been taken 134 times
  • The average score is 21 of 85
Answer Stats
Hint Answer % Correct
No Surprises Radiohead
71%
Linger The Cranberries
71%
Every Breath You take The police
69%
Boys Don't Cry The Cure
67%
Piano Man Billy joel
64%
End of Beginning Djo
62%
the Adults are Talking The Strokes
61%
Where is my mind? Pixies
58%
Song 2 Blur
56%
Fade Into You Mazzy star
55%
Starman David bowie
50%
Should I Stay or Should I Go The clash
50%
Bitter Sweet Symphony The verve
50%
Space Song Beach House
44%
Come Together The beatles
44%
Apocalypse Cigarettes after sex
43%
No One Noticed The Marias
41%
Not Allowed TV Girl
41%
1979 The Smashing pumpkins
40%
Duvet Boa
38%
Moonlight on the river Mac demarco
38%
Hallelujah Jeff Buckley
36%
Scott Street Phoebe bridgers
36%
Juna Clairo
35%
Head Over Heels Tears for Fears
34%
Mary alex g
32%
Breathe (in the air) Pink floyd
32%
When the sun hits Slowdive
32%
Skinny Love Bon iver
30%
Not a lot, Just forever Adrianne lenker
29%
From the Start Laufey
29%
Kingston Faye Webster
28%
West End Girls Pet Shop Boys
27%
Float On Modest mouse
26%
Mrs. Magic Strawberry Guy
26%
I Know Its Over The smiths
26%
Velvet Ring Big Theif
25%
Paper Bag Fiona apple
25%
Femme Fatale The velvet underground
23%
The Suburbs Arcade fire
21%
The Boy With The Arab Strap Belle and Sebastian
21%
Always Forever Cults
21%
Between the bars Elliot smith
21%
Alright Supergrass
21%
I love you Fontaines dc
20%
I Will Follow You into the Dark Death Cab for Cutie
18%
Clay Pigeons Michael Cera
18%
Lust For Life Iggy pop
17%
When You Sleep My bloody valentine
17%
Cut your Hair Pavement
15%
Ocean Man Ween
14%
Concorde Black country, new road
13%
Cold Cold Cold Cage the Elephant
13%
Blondie Current Joys
13%
100 dean blunt
12%
Loser monolouge Sign crushes motorist
12%
Anyone Else But You The moldy peaches
12%
Reunion Korea Girl
11%
Kool Thing Sonic youth
11%
Andromeda Weyes Blood
11%
suicide cleanup Birth day
10%
Inside out Duster
9%
Something About You Eyedress
9%
Kinky Love Pale Saints
8%
A Certain Someone The Sundays
7%
Do You Want to franz ferdinand
6%
Bloodhail Have A Nice Life
6%
My Funny Valentine Chet Baker
5%
Mad World Gary Jules
5%
The Flower Called Nowhere Stereolab
5%
Vanished Crystal Castles
4%
Almost Fantasy Fog lake
4%
Visions Loving
4%
All They Wanted Panchiko
4%
Fourth of July Sujan Stevens
4%
Amtrak Los Retros
3%
Starting Over LSD and the Search for God
3%
Dozen Alison's Halo
2%
A place in My Heart Club 8
2%
Junk shop Helvetia
2%
Medicine Bottle Red House Painters
2%
Back To Strangers Rehash
2%
girl Salvia Palth
2%
Anne The skin cells
1%
sleeping in The radio dept
0%
No matching quizzes found
Score Distribution
Percent of People with Each Score
Percentile by Number Answered
Your Score History
You have not taken this quiz